000
00315nam a22001337a 4500
008
181009b xxu||||| |||| 00| 0 eng d
020
_a
9780135137000
041
_a
eng
080
_2
3rd
_a
610.73
100
_a
2
101
_a
INF
245
_a
Parametric Care Principles & Practice
_c
Bledsoe,B.E
942
_2
udc
_c
BK
999
_c
49110
_d
49110